Save as houses (Record no. 75377)
[ view plain ]
| 000 -LEADER | |
|---|---|
| fixed length control field | 01482cab a2200205 4500 |
| 001 - CONTROL NUMBER | |
| control field | L129990 |
| 008 - FIXED-LENGTH DATA ELEMENTS--GENERAL INFORMATION | |
| fixed length control field | 050613n2005 000 0 eng u |
| 035 ## - SYSTEM CONTROL NUMBER | |
| System control number | (Sirsi) u129990 |
| 041 ## - LANGUAGE CODE | |
| Language code of text/sound track or separate title | eng |
| 100 ## - MAIN ENTRY--PERSONAL NAME | |
| Personal name | Norwood, Graham |
| 245 ## - TITLE STATEMENT | |
| Title | Save as houses |
| 260 ## - PUBLICATION, DISTRIBUTION, ETC. | |
| Date of publication, distribution, etc. | 2005 |
| 490 ## - SERIES STATEMENT | |
| Series statement | Estates Gazette |
| Volume/sequential designation | (0522) 4 June 2005, 68-69(2) |
| 520 ## - SUMMARY, ETC. | |
| Summary, etc. | Reports on the introduction of new rules allowing investors to include residential property in their personal pension assets from 6 April 2006, and the impact this will have on the world of residential property investment. From that date investors with Self-Invested Personal Pensions (SIPPs) will be able to include residential property within their pension assets including their main homes, holiday homes and investment properties, both in the UK and abroad. Summarises the key elements of the SIPP residential revolution as formulated so far. HM Revenue and Customs is still working on guidance notes and further details will appear in July's Finance Bill. The property industry has responded positively to SIPPs with new SIPP departments being established by major property consultancies such as Savills. Discusses the market's uncertainty about the effect of SIPPs-related changes on the numbers of new residential tenants as more people become landlords. |
| 590 ## - LOCAL NOTE (RLIN) | |
| Local note | IKA210605 |
| 650 ## - SUBJECT ADDED ENTRY--TOPICAL TERM | |
| Topical term or geographic name entry element | SELF-INVESTED PERSONAL PENSIONS |
| 650 ## - SUBJECT ADDED ENTRY--TOPICAL TERM | |
| Topical term or geographic name entry element | FINANCE BILL |
| 690 ## - LOCAL SUBJECT ADDED ENTRY--TOPICAL TERM (OCLC, RLIN) | |
| Topical term or geographic name as entry element | PROPERTY-PROPERTY FINANCE AND INVESTMENT |
| 942 ## - ADDED ENTRY ELEMENTS (KOHA) | |
| Suppress in OPAC | 0 |
| Withdrawn status | Lost status | Source of classification or shelving scheme | Damaged status | Not for loan | Home library | Current library | Shelving location | Date acquired | Total Checkouts | Full call number | Barcode | Date last seen | Copy number | Price effective from | Koha item type |
|---|---|---|---|---|---|---|---|---|---|---|---|---|---|---|---|
| Dewey Decimal Classification | London | London | Journal article | 13/06/2005 | L129990 | 129990-1001 | 06/08/2019 | 1 | 06/08/2019 | Journal article |